Personnages Harry Potter - L - Statistiques

Statistiques générales
  • Ce quiz a été pris 791 fois
    663 depuis la dernière actualisation
  • Le résultat moyen est 4 sur 10
Statistiques - réponses
Non Personnages % Correct
10 Luna Lovegood
91%
4 Lily Potter
64%
7 Lucius Malefoy
57%
1 Lavande Brown
45%
3 Lee Jordan
25%
5 Lily Luna Potter
18%
9 Ludovic Verpey
17%
6 Louis Weasley
15%
2 Leanne
12%
8 Lucy Weasley
11%
Aucun quiz correspondant
Distribution des résultats
% des personnes avec chaque résultat
Percentile par nombre de réponses
Votre historique - résultats
Vous n’avez pas pris ce quiz depuis la dernière actualisation